| 000 | 00893nam a2200241 a 4500 | ||
|---|---|---|---|
| 001 | BRCA_6035 | ||
| 005 | 20190320205316.0 | ||
| 008 | 030511s1931----gw-a######---#000-0#ger-# | ||
| 041 | _ager | ||
| 044 | _agw | ||
| 050 | 4 |
_aN5265.F7 _b.S26 1931 |
|
| 245 | 1 | 0 |
_aDie Sammlung Prinz Friedrich Leopold von Preussen _bmit Beiträgen aus deutschem Fürsten- und Berliner Privatbesitz : Gemälde, Möbel, Porzellan, Teppiche, Textilien, Bronzen. |
| 260 |
_aBerlín _bHermann Ball, Paul Graupe _c1931 |
||
| 300 |
_a99 p. _bil., 29 láminas _c32 cm. |
||
| 500 | _aCatálogo No. XIV (14) | ||
| 500 | _aCatálogo de subasta inventariado por Banco de México como libro | ||
| 500 | _aCA2 | ||
| 600 | 1 | 4 |
_aFriedrich Leopold _cPríncipe de Prussia _d1865-1931 _915231 |
| 650 | 1 | 4 |
_aArte _xColecciones privadas _914568 |
| 650 | 1 | 4 |
_aColecciones de arte _vCatálogos _915232 |
| 902 | _aGFM | ||
| 942 |
_2lcc _cB |
||
| 999 |
_c5723 _d5723 |
||